000 00500nam a2200181Ia 4500
001 16651
005 20260306170325.0
008 260306t2009||||xx |||||||||||||| ||und||
041 _aESP
082 _a348.872
_bD37
100 _aDe la Cueva, Mario
_eAUT
245 0 _aEl nuevo derecho mexicano del trabajo:
_bhistoria, principios fundamentales, derecho individual y trabajos especiales
260 _c2009
300 _a
_c23 cm.
650 _aGEN
654 _aCDE
942 _cLIB
_dJUS
_fJUS
_2ddc
_n
999 _c16651
_d16651